Представление документа в формате RUSMARC

ПолеНазваниеЗначение
  Тип записи c
  Библиографический уровень m
001 Контрольный номер RU/УОНБ/EK_N/349441968
005 Дата корректировки 20250917101836.7
010 Индекс ISBN __
9 Тираж 16000 экз.
013 Номер (ISMN) __
d Цена 1 р. 18 к.
071 Издательские номер (звукозапись и ноты) 21
a Номер, присвоенный агентством 7835
100 Данные общей обработки __
a Данные общей обработки 20141210d1973 u y0rusy0189||||ca
101 Язык документа 0_
a Язык текста rus
a Язык текста ger
f Язык титульного листа rus
f Язык титульного листа ger
102 Страна публикации __
a Страна публикации RU
105 Кодированные данные (монография) __
a Кодированные данные (монография) y###||||000|y
125 Кодированные данные звукозаписи и нотных изданий __
a Форма изложения нотного текста с|
128 Кодированные данные (звукозаписи-физические характеристики) __
a Кодированные данные: Музыкальная форма и тональность или лад zz
c Инструменты или голоса, рекомендуемые для солистов (устаревшее) ka||
200 Заглавие и сведения об ответственности 1_
a Заглавие Вып. 2
z Язык параллельного заглавия ger
210 Выходные данные 1_
d Дата издания 1973
215 Физическое описание __
a Объем 96 c.
461 Уровень набора _0
1 001RU/УОНБ/EK_N/349439819
1 200
a Путь к фортепианному мастерству
b [Ноты]
d Kiavierubung
f Ф. Бузони
g ред. и комммент. Я. Мильштейн
z ger
v Вып. 2
1 210
a М.
c Музыка
d 1973
500 Унифицированное заглавие 10
a Унифицированное заглавие Упражнения для фп.
512 Заглавие обложки 1_
a Заглавие обложки Путь к фортепианному мастерству
517 Другие варианты заглавия 1_
a Другие варианты заглавия Klavierubung
606 Тематические рубрики 0_
a Основная рубрика Фортепианная музыка зарубежная
x Основная подрубрика Пьесы
610 Ключевые слова 0_
a Ключевые слова фортепианная музыка зарубежная
610 Ключевые слова 0_
a Ключевые слова пьесы
686 Индексы других классификаций __
a Классификационный индекс 85.954.291(3)
2 Код системы rubbk
801 Источник записи _0
a Страна RU
b Организация Ульяновская ОНБ
c Дата составления 20141210
g Правила каталогизации RCR
801 Источник записи _1
a Страна RU
b Организация IS
c Дата составления 20141210
g Правила каталогизации RCR
901 Тип документа __
t Тип документа n
w Контрольный № источника RU/УОНБ/EK_N/349439819
909 Создатель записи __
a Создатель записи Грязнова И. Е.
910 Корректоры записи __
a Корректор записи Илямакова
938 Служебная информация __
a Имя БД noti
b Имя библиотеки УОНБ
c Имя АИБС МАРК-SQL
d Номер DOC_ID в БД 8220